000 00508nam a22001937a 4500
003 OSt
005 20180116183106.0
008 170731b xxu||||| |||| 00| 0 eng d
020 _a9789332518438
040 _c0
082 _a658.3 DES 2014
100 _aGary Dessler
245 _aA Framework for Human Resource Management
_cGary Dessler
250 _a7th Ed.
260 _aIndia
_bPearson
_c2014
300 _a326p.
_bpb.
440 _aA Framework for Human Resource Management
942 _2ddc
_cBK
999 _c352045
_d352045